| 000 | 01738nam0a2200325 4500 | ||
|---|---|---|---|
| 001 | RU\NLR\bibl\1747807 | ||
| 005 | 20260405232834.0 | ||
| 021 |
_aRU _b2011-13630 _9968 |
||
| 035 | _a(NLR Aleph) 001738692 | ||
| 090 |
_a1445520 _c1445520 |
||
| 100 | _a20110317d2008 |||y0rusy50 ca | ||
| 101 | 0 | _arus | |
| 102 | _aRU | ||
| 105 | _ay ||||||||| | ||
| 200 | 1 |
_aПсиходиагностика личности в консультировании _eучебное пособие _e[для студентов магистратуры "Психологическое консультирование"] _fЛ.Г. Матвеева _gМ-во образования и науки Рос. Федерации, Федер. агентство по образованию, Юж.-Урал. гос. ун-т, Каф. общ. психологии |
|
| 210 |
_aЧелябинск _cИзд-во ЮУрГУ _d2008 |
||
| 215 |
_a25, [2] с. _cил. _d21 |
||
| 320 | _aБиблиогр.: с. 25-26 (20 назв.) | ||
| 606 | 1 |
_aКонсультативная психология _jУчебные издания для высших учебных заведений _91365555 _3RU\NLR\auth\66571704 |
|
| 606 | 1 |
_aПсиходиагностика _jУчебные издания для высших учебных заведений _91531537 _3RU\NLR\auth\66666931 |
|
| 686 | 1 | _aЮ949.2я73 | |
| 686 | 1 | _aЮ93в6я73 | |
| 700 | 1 |
_4070 _8rus _7ca _aМатвеева _bЛ. Г. _cканд. психол. наук _f1965- _gЛариса Геннадьевна _3RU\NLR\auth\77106607 _989532 |
|
| 801 | 0 |
_aRU _bNLR _c20110317 _gRCR |
|
| 801 | 1 |
_aRU _bNLR _c20110317 |
|
| 830 | _aАвт. по кн. | ||
| 942 | _cBOOK | ||
| 980 | _aNB | ||